000 01201cam a2200289 a 4500
003 EG-GiCUC
005 20250223030335.0
008 110112s1996 ua dh f m 000 0 eng d
040 _aEG-GiCUC
_beng
_cEG-GiCUC
041 0 _aeng
049 _aDeposite
097 _aM.Sc
099 _aCai01.11.14.M.Sc.1996.Mo.U
100 0 _aMohamed Mahrous Soliman
245 1 4 _aThe use of parenteral testosterone therapy in hypospadias reconstructive surgery /
_cMohamed Mahrous Soliman ; Supervised Nabhan M. T. Kaddah , Asharf M. Elkholy , Gamal H. Eltagi
246 1 5 _aإستخدام التيستوستيرذذون بالحقن فى الإصلاح للإحليل البولى السفلى
260 _aCairo :
_bMohamed Mahrous Soliman ,
_c1996
300 _a152 Leaves :
_bcharts , facsimiles ;
_c30cm
502 _aThesis (M.Sc.) - Cairo University - Faculty of Medicine - Department of General Surgery
700 0 _aAsharf Mohamed Elkholy ,
_eSupervisor
700 0 _aGamal Hassan Eltagi ,
_eSupervisor
700 0 _aNabhan Mohamed Tawfeek Kaddah ,
_eSupervisor
856 _uhttp://172.23.153.220/th.pdf
905 _aFatma
_eCataloger
905 _aNazla
_eRevisor
942 _2ddc
_cTH
999 _c32632
_d32632